Vista normal
Vista MARC
Entrada Materia (personas)
Número de registros utilizados en: 2
001 - CONTROL NUMBER
- control field: 72844
003 - CONTROL NUMBER IDENTIFIER
- control field: Co-BoUCM
005 - DATE AND TIME OF LATEST TRANSACTION
- control field: 20151026143641.0
008 - FIXED-LENGTH DATA ELEMENTS
- fixed length control field: 151026|| aca||aabn | a|a d
040 ## - CATALOGING SOURCE
- Original cataloging agency: Co-BoUCM
- Transcribing agency: Co-BoUCM
100 ## - HEADING--PERSONAL NAME
- Personal name: Triola, Mario F.
670 ## - SOURCE DATA FOUND
- Source citation: Work cat.: (Co-BoUCM)74736: Triola, Mario F., Elementary statistics using Excel, c2010